000 00819nam a2200289Ia 4500
005 20260324120208.0
008 008 260324s9999 xx 000 0 eng d
020 _a9780429226038
037 _aEBOOK
040 _aCRL
040 _beng
040 _cCRL
041 _2eng
041 _aeng
084 _qCRL
100 _aAmir Hussain; Mirjana Ivanovic
_91157611
245 0 _aElectronics, Communications and Networks IV
245 0 _bProceedings of the 4th International Conference on Electronics, Communications and Networks (CECNET IV), Beijing, China, 12-15 December 2014
260 _bTaylor and Francis
260 _c2015
365 _a
365 _b420
856 _uhttp://www.taylorfrancis.com/books/9780429226038
942 _cEBOOK
999 _c1749008
_d1749008